Normal view
MARC view
Entry Personal Name
001 - CONTROL NUMBER
- control field: 13217
003 - CONTROL NUMBER IDENTIFIER
- control field: HDC
005 - DATE AND TIME OF LATEST TRANSACTION
- control field: 20230624073412.0
008 - FIXED-LENGTH DATA ELEMENTS
- fixed length control field: 210210|| aca||aabn | a|a d
040 ## - CATALOGING SOURCE
- Original cataloging agency: HDC
- Transcribing agency: HDC
100 ## - HEADING--PERSONAL NAME
- Personal name: Mohd. Sukri Hj Idris
670 ## - SOURCE DATA FOUND
- Source citation: Work cat.: (HDC): Mohd. Sukri Hj Idris, author, Influence of energy intake during late gestation and early post-calving on reproductive performance of beef cattle /, 2005
